| 000 | 00578nam a2200193Ia 4500 | ||
|---|---|---|---|
| 005 | 20250326145135.0 | ||
| 008 | 250326s9999 xx 000 0 und d | ||
| 037 | _aTextbook | ||
| 040 |
_aFMSL _beng _cFMSL |
||
| 041 |
_aeng _2eng |
||
| 084 |
_aX:74 P6 _qFMSL |
||
| 100 |
_aIreland R D _9750723 |
||
| 245 | 0 |
_aUnderstanding business strategy : concepts and cases _cIreland R D And Others |
|
| 260 |
_aUnited Kingdom _bUnited Kingdom, Thomson _c2006 |
||
| 365 | _b8880.4539999999997 | ||
| 650 | _aManagement | ||
| 942 |
_cTB _hX:74 P6 |
||
| 999 |
_c1306515 _d1306515 |
||